LEADER 01406nam a2200301 4500 001 000000345198 003 CaOOAMICUS 005 20210401122921.0 008 210401s2010 po a 100 u por r 020 $a978-972-8213-70-1 040 $aSeMil$bita 245 00$aFrancisco Marto :$bcrescer para o Dom /$ccoordenac?a?o: Arnaldo de Pinho, Vi?tor Coutinho. 264 1$aFátima :$bSantuário de Fátima,$c2010. 300 $a378 p. :$bill. ;$c23 cm 490 1 $aFa?tima estudos ;$v1 600 14$aMarto, Francisco .$0(OLS)http://semarc/subject/50209 650 4$aMadonna - Apparizioni - Fatima.$0(OLS)http://semarc/subject/900 700 1 $aCoutinho, Vítor Manuel Leităo.$0(OLS)http://semarc/name/77139 700 1 $aPinho, Arnaldo Cardoso : de,$d<1942- >.$0(OLS)http://semarc/name/77002 710 2 $aSantua?rio de Fa?tima.$0(OLS)http://semarc/name/113413 830 0$aFa?tima estudos ;$v1.$0(OLS)http://semarc/title/434316 850 $aSeMil 852 $aSeMil$W1$xVenegono$y1$m2L V 221.1$j225273$B236268$CSeMilBibl$Z2$F236268 $81 961 $aPerego don Stefano - Omaggio 996 $6020$a978-972-8213-70-1$9(OLS)http://semarc/number/292803 996 $6245$aFrancisco Marto :$bcrescer para o Dom$9(OLS)http://semarc/title/434319 996 $6264$aFátima :$bSantuário de Fátima$9(OLS)http://semarc/publisher/31578 LEADER 01039nam a2200241 i 4500 001 000000061861 003 CaOOAMICUS 005 20100320000000.0 008 100320s1964 xx u000 u fre u 013 $a33033 040 $aSeMil$bita 100 1 $aBarrau, Paul.$0(OLS)http://semarc/name/23203 245 13$aLa vie commande :$bessai sur l'apostolat, les institutions et les milieux de vie /$cPaul Barrau. 260 $aParis :$bLes éditions ouvričres,$ccopyr. 1964. 300 $a343 p. ;$c20 cm. 490 0 $aPoints d'appui 650 4$aApostolato - Spiritualitŕ.$0(OLS)http://semarc/subject/7685 830 0$aPoints d'appui.$0(OLS)http://semarc/title/21276 850 $aSeMil 852 $aSeMil$W1$xVenegono$y1$m3F V 587$j28014$B28014$CSeMilBibl$Z2$F28017 $81 961 $aOmaggio: Oggioni don Costantino 996 $6245$aLa vie commande :$bessai sur l'apostolat, les institutions et les milieux de vie$9(OLS)http://semarc/title/97320 996 $6260$aParis :$bLes éditions ouvričres$9(OLS)http://semarc/publisher/30144